Quality of Governance as a Determinant of Tax Evasion and Tax Avoidance

Preskúmanie kvality vládnutia spojeného s daňovými únikmi a vyhýbaniu sa daňovej povinnosti vo vybraných krajinách strednej a východnej Európy.

Gespeichert in:
Bibliographische Detailangaben
1. Verfasser: Olexová, Cecília, 1976-
Weitere Verfasser: Rudášová, Zuzana, Gontkovičová, Barbora, 1986-
Format: Buchkapitel
Sprache:Englisch
Schlagworte:
Tags: Tag hinzufügen
Keine Tags, Fügen Sie das erste Tag hinzu!

MARC

LEADER 00000naa$a2200000$$$4500
001 0263308
005 20240502074201.0
041 0 |a eng 
044 |a SK 
245 1 0 |a Quality of Governance as a Determinant of Tax Evasion and Tax Avoidance  |c Cecília Olexová 
520 |a Preskúmanie kvality vládnutia spojeného s daňovými únikmi a vyhýbaniu sa daňovej povinnosti vo vybraných krajinách strednej a východnej Európy. 
610 2 0 |a dane 
610 2 0 |a vláda 
610 2 0 |a stredná Európa 
610 2 0 |a východná Európa 
610 2 0 |a daňovníci 
100 1 |a Olexová, Cecília, 1976- 
700 1 |a Rudášová, Zuzana 
700 1 |a Gontkovičová, Barbora, 1986-